| 000 | 00467nam a2200193Ia 4500 | ||
|---|---|---|---|
| 001 | 29578 | ||
| 008 | 140415s9999 xx 000 0 und d | ||
| 020 | _a0-07-222891-1 | ||
| 040 | _cPK-LaUMT | ||
| 082 |
_a 004.76 _bHUS-H |
||
| 100 | _aDave Huss | ||
| 245 |
_aHow to do everything with your scanner _cDave Huss |
||
| 250 | _a2nd | ||
| 260 |
_aNew York,USA: _bMcGraw-Hill/Osborne, _c2003 |
||
| 300 | _a297 p. | ||
| 546 | _aEN | ||
| 650 | _aScanner | ||
| 942 | _cBK | ||
| 999 |
_c29648 _d29648 |
||